Expository preaching : (Record no. 1492)
[ view plain ]
| 000 -LEADER | |
|---|---|
| fixed length control field | 00838nam a22002538a 4500 |
| 001 - CONTROL NUMBER | |
| control field | 12947318 |
| 003 - CONTROL NUMBER IDENTIFIER | |
| control field | AUA.1 |
| 005 - DATE AND TIME OF LATEST TRANSACTION | |
| control field | 20160607095638.0 |
| 008 - FIXED-LENGTH DATA ELEMENTS--GENERAL INFORMATION | |
| fixed length control field | 851111r19861980enk 001 0 eng d |
| 010 ## - LIBRARY OF CONGRESS CONTROL NUMBER | |
| LC control number | gb 85047422 |
| 020 ## - INTERNATIONAL STANDARD BOOK NUMBER | |
| International Standard Book Number | 0851107583 (pbk) : |
| 040 ## - CATALOGING SOURCE | |
| Original cataloging agency | UKM |
| Transcribing agency | UKM |
| Modifying agency | m/c |
| -- | EXN |
| 049 ## - LOCAL HOLDINGS (OCLC) | |
| Holding library | EXNs [492130] |
| Copy statement | 1 |
| 082 0# - DEWEY DECIMAL CLASSIFICATION NUMBER | |
| Classification number | 251 |
| Edition number | 19 |
| 090 ## - LOCALLY ASSIGNED LC-TYPE CALL NUMBER (OCLC); LOCAL CALL NUMBER (OCLC) | |
| Classification number (OCLC) (R) ; Classification number, CALL (RLIN) (NR) | BV4211.3 |
| Local cutter number (OCLC) ; Book number/undivided call number, CALL (RLIN) | .R62 2001 |
| 100 1# - MAIN ENTRY--PERSONAL NAME | |
| Personal name | Robinson, Haddon W. |
| 9 (RLIN) | 5400 |
| 245 10 - TITLE STATEMENT | |
| Title | Expository preaching : |
| Remainder of title | its principles and practice / |
| Statement of responsibility, etc | by Haddon W. Robinson ; foreword by J.A. Motyer. |
| 260 ## - PUBLICATION, DISTRIBUTION, ETC. (IMPRINT) | |
| Place of publication, distribution, etc | Leicester : |
| Name of publisher, distributor, etc | Inter-Varsity, |
| Date of publication, distribution, etc | 2001. |
| 300 ## - PHYSICAL DESCRIPTION | |
| Extent | 256 p. ; |
| Dimensions | 22 cm. |
| 500 ## - GENERAL NOTE | |
| General note | Originally published: Grand Rapids : Baker Book House, 1980. |
| 504 ## - BIBLIOGRAPHY, ETC. NOTE | |
| Bibliography, etc | Includes bibliography and index. |
| 650 #0 - SUBJECT ADDED ENTRY--TOPICAL TERM | |
| Topical term or geographic name as entry element | Preaching. |
| 9 (RLIN) | 5401 |
| 942 ## - ADDED ENTRY ELEMENTS (KOHA) | |
| Source of classification or shelving scheme | Library of Congress Classification |
| Koha item type | Books |
| Classification part | BV 4211.3 |
| Item part | .R62 2001 |
| Withdrawn status | Lost status | Source of classification or shelving scheme | Damaged status | Not for loan | Collection code | Home library | Current library | Shelving location | Date acquired | Source of acquisition | Cost, normal purchase price | Serial Enumeration / chronology | Total Checkouts | Total Renewals | Full call number | Barcode | Date last seen | Date checked out | Cost, replacement price | Price effective from | Koha item type |
|---|---|---|---|---|---|---|---|---|---|---|---|---|---|---|---|---|---|---|---|---|---|
| Library of Congress Classification | Books | Judith Thomas Library | Judith Thomas Library | General Stacks | 10/10/2011 | Bought by JTL | 10.00 | AUA001689 | 1 | 1 | BV4211.3 .R62 2001 | AUA001689 | 29/09/2025 | 15/09/2025 | 10.00 | 10/10/2011 | Books |